[Event "France 2019 - Accession"]
[Site "Chartres"]
[Date "2019.08.17"]
[Round "1.7"]
[White "Lamard, Guillaume"]
[Black "Bournel, Antoine"]
[Result "1-0"]
[WhiteElo "2419"]
[BlackElo "2259"]
[PlyCount "77"]
[EventDate "2019.08.??"]
[EventType "swiss"]
[EventRounds "9"]
[EventCountry "FRA"]
[WhiteTeam "Cannes Echecs"]
[BlackTeam "L'Echiquier Châlonnais"]

1. e4 c5 2. Nf3 g6 3. c3 d5 4. e5 Nc6 5. d4 Bg4 6. Nbd2 e6 7. Bb5 Qb6 8. Bxc6+
Qxc6 9. O-O Bg7 10. h3 Bf5 11. dxc5 Qxc5 12. Re1 Qc7 13. Nd4 Bd3 14. N2f3 Ba6
15. Ng5 Qd7 16. f4 h6 17. Ngf3 Ne7 18. Be3 O-O 19. Qd2 Kh7 20. Kh2 Nc6 21. Bf2
Rae8 22. Nxc6 Qxc6 23. Nd4 Qc7 24. Bg3 Qc4 25. Re3 Rg8 26. Bh4 Qc7 27. Rae1 Bc4
28. Qf2 a5 29. b3 Ba6 30. a3 Qc5 31. b4 axb4 32. axb4 Qc4 33. Bf6 Bb5 34. Qh4
Ra8 35. Rg3 Bxf6 36. exf6 Rgf8 37. Nf3 h5 38. Re5 Kh6 39. Rxh5+ 1-0

[Event "France 2019 - Accession"]
[Site "Chartres"]
[Date "2019.08.17"]
[Round "1.8"]
[White "Gao, Etienne"]
[Black "Maurizzi, Marc Andria"]
[Result "0-1"]
[WhiteElo "2256"]
[BlackElo "2419"]
[PlyCount "72"]
[EventDate "2019.08.??"]
[EventType "swiss"]
[EventRounds "9"]
[EventCountry "FRA"]
[WhiteTeam "Echiquier Club Le Mans"]
[BlackTeam "Corsica Chess Club"]

1. e4 c5 2. Nf3 Nc6 3. d4 cxd4 4. Nxd4 Nf6 5. Nc3 e5 6. Ndb5 d6 7. Bg5 a6 8.
Na3 Be6 9. Nc4 Rb8 10. Ne3 Be7 11. g3 Nxe4 12. Nxe4 Bxg5 13. Nxd6+ Kf8 14. Ndc4
b5 15. Qxd8+ Rxd8 16. h4 Bh6 17. Na3 Nd4 18. O-O-O Ke7 19. Bd3 e4 20. Bxe4 b4
21. Rd3 bxa3 22. Rxa3 Rd6 23. Re1 Bxe3+ 24. Raxe3 Rhd8 25. c3 Nb5 26. f4 Kf8
27. b3 g6 28. c4 Nd4 29. Rc3 Bg4 30. Kb2 Ne2 31. Re3 Rd2+ 32. Ka3 Re8 33. c5
Rd4 34. R3xe2 Bxe2 35. Bb7 Bb5 36. Rc1 Re7 0-1

[Event "France 2019 - Accession"]
[Site "Chartres"]
[Date "2019.08.17"]
[Round "1.9"]
[White "Joie, Sebastien"]
[Black "Viel, Simon"]
[Result "1-0"]
[WhiteElo "2413"]
[BlackElo "2252"]
[PlyCount "57"]
[EventDate "2019.08.??"]
[EventType "swiss"]
[EventRounds "9"]
[EventCountry "FRA"]
[WhiteTeam "Esbarres Bonnencontre Echecs"]
[BlackTeam "Echecs Plus de Cherbourg-Octeville"]

1. c4 Nf6 2. Nc3 e5 3. Nf3 Nc6 4. e4 Bb4 5. d3 d6 6. a3 Bxc3+ 7. bxc3 Bg4 8. h3
Bh5 9. g4 Bg6 10. Bg5 h6 11. Be3 b6 12. Bg2 Qd7 13. Nh4 Nh7 14. Nf5 f6 15. Qa4
Rg8 16. Qa6 Nd8 17. a4 Qc8 18. Qb5+ Kf8 19. O-O Be8 20. Qb2 Ne6 21. f4 exf4 22.
Bxf4 Nxf4 23. Rxf4 Ng5 24. d4 Nf7 25. Re1 Rb8 26. Rf2 Qe6 27. e5 c6 28. d5 Qc8
29. e6 1-0

[Event "France 2019 - Accession"]
[Site "Chartres"]
[Date "2019.08.17"]
[Round "1.10"]
[White "Ollier, Milan"]
[Black "Duboue, Peio"]
[Result "1/2-1/2"]
[WhiteElo "2252"]
[BlackElo "2413"]
[PlyCount "107"]
[EventDate "2019.08.??"]
[EventType "swiss"]
[EventRounds "9"]
[EventCountry "FRA"]
[WhiteTeam "Echiquier Médocain"]
[BlackTeam "Echiquier de l'Erdre"]

1. e4 e5 2. Bc4 Nf6 3. d4 exd4 4. Nf3 Nc6 5. e5 d5 6. Bb5 Ne4 7. Nxd4 Bd7 8.
Bxc6 Bxc6 9. O-O Qd7 10. f3 Nc5 11. f4 Ne6 12. c3 O-O-O 13. f5 Nxd4 14. cxd4 f6
15. e6 Qe8 16. Nc3 g6 17. Qf3 Be7 18. Bf4 gxf5 19. Rac1 Bd6 20. Rfe1 Qe7 21.
Re3 Rhg8 22. Ne2 Bxf4 23. Qxf4 Rg4 24. Qxf5 Rdg8 25. g3 R8g5 26. Qf2 h5 27. Rf1
f5 28. Nf4 h4 29. Kg2 Rg8 30. a3 Qf6 31. Rc3 Qh6 32. Ne2 hxg3 33. Rxg3 Rxg3+
34. hxg3 Qxe6 35. Qxf5 Re8 36. Nc3 Qxf5 37. Rxf5 Re3 38. Rf3 Re1 39. Rf2 a5 40.
Re2 Rxe2+ 41. Nxe2 Be8 42. Kf3 Kd7 43. Kf4 Kd6 44. g4 c5 45. dxc5+ Kxc5 46. Ke5
Kc4 47. Nd4 a4 48. g5 b6 49. Nf5 Kb3 50. Nd6 Bg6 51. Kxd5 Kxb2 52. Nc4+ Kb3 53.
Nxb6 Kxa3 54. Nxa4 1/2-1/2

[Event "France 2019 - Accession"]
[Site "Chartres"]
[Date "2019.08.17"]
[Round "1.11"]
[White "Stephan, Victor"]
[Black "Albaric, Etienne"]
[Result "1-0"]
[WhiteElo "2413"]
[BlackElo "2250"]
[PlyCount "71"]
[EventDate "2019.08.??"]
[EventType "swiss"]
[EventRounds "9"]
[EventCountry "FRA"]
[WhiteTeam "C'Chartres Echecs"]
[BlackTeam "Lutèce Echecs"]

1. d4 Nf6 2. c4 e6 3. Nc3 Bb4 4. e3 O-O 5. Nge2 Re8 6. a3 Bf8 7. Ng3 d5 8. Be2
b6 9. cxd5 exd5 10. b4 c5 11. bxc5 bxc5 12. dxc5 Bxc5 13. O-O Nc6 14. Na4 Bd6
15. Bb2 Ne5 16. Qd4 Qe7 17. Nc3 Be6 18. Nb5 Bb8 19. Qb4 Qd8 20. Rfd1 a6 21. Nd4
Bg4 22. Rac1 h5 23. Ndf5 Bxe2 24. Nxe2 g6 25. Nfg3 Nfg4 26. h3 h4 27. hxg4 hxg3
28. Nxg3 Qh4 29. Qc3 Bd6 30. Rxd5 Rad8 31. Qd4 Re6 32. Rd1 f6 33. Qe4 Kf7 34.
Bxe5 fxe5 35. Qc4 Ke7 36. Ne4 1-0

[Event "France 2019 - Accession"]
[Site "Chartres"]
[Date "2019.08.17"]
[Round "1.12"]
[White "Salles, Louis"]
[Black "Housieaux, David"]
[Result "0-1"]
[WhiteElo "2248"]
[BlackElo "2402"]
[PlyCount "82"]
[EventDate "2019.08.??"]
[EventType "swiss"]
[EventRounds "9"]
[EventCountry "FRA"]
[WhiteTeam "C'Chartres Echecs"]
[BlackTeam "A.J.E. Noyon"]

1. Nf3 Nf6 2. c4 g6 3. b3 Bg7 4. Bb2 O-O 5. g3 Nc6 6. Bg2 Re8 7. d4 e5 8. dxe5
Ng4 9. O-O d6 10. Nc3 Ngxe5 11. Nxe5 Bxe5 12. Qd2 Bg7 13. Rfd1 Rb8 14. Nd5 Be6
15. Bxg7 Kxg7 16. Qb2+ f6 17. Nf4 Qe7 18. Rd2 Ne5 19. Rad1 g5 20. Nh3 h6 21. f4
Bxh3 22. fxe5 Bxg2 23. exd6 Qe4 24. d7 Red8 25. Rd4 Qc6 26. e4 Bh3 27. e5 Rxd7
28. exf6+ Kg6 29. Rxd7 Bxd7 30. Rd5 Bf5 31. g4 Be4 32. Re5 Rd8 33. Qe2 Re8 34.
f7 Kxf7 35. Qf2+ Kg6 36. Qd4 Rxe5 37. Qxe5 b6 38. Qh8 Qc5+ 39. Kf1 Bd3+ 40. Kg2
Qc6+ 41. Kg1 Qe6 0-1

[Event "France 2019 - Accession"]
[Site "Chartres"]
[Date "2019.08.17"]
[Round "1.13"]
[White "Lux, Hugo De Melo"]
[Black "Defromont, Benjamin"]
[Result "1-0"]
[WhiteElo "2401"]
[BlackElo "2236"]
[PlyCount "99"]
[EventDate "2019.08.??"]
[EventType "swiss"]
[EventRounds "9"]
[EventCountry "FRA"]
[WhiteTeam "Echecs 16"]
[BlackTeam "Cannes Echecs"]

1. e4 e6 2. d4 d5 3. Bd3 dxe4 4. Bxe4 Nf6 5. Bf3 c5 6. Ne2 Nc6 7. Be3 cxd4 8.
Nxd4 Ne5 9. Nc3 a6 10. O-O Bd6 11. Qe2 Qc7 12. h3 O-O 13. Rfd1 Bd7 14. Bg5 Rac8
15. a4 Nc4 16. b3 Nb2 17. Bxf6 Nxd1 18. Rxd1 gxf6 19. Ne4 Be5 20. Qe3 f5 21.
Nd6 Qxd6 22. Nc6 f4 23. Rxd6 fxe3 24. Nxe5 exf2+ 25. Kf1 Be8 26. Bxb7 Rxc2 27.
Bxa6 f6 28. Ng4 Bh5 29. Bc4 Bxg4 30. hxg4 Rxc4 31. bxc4 Ra8 32. Rxe6 Rxa4 33.
Re4 Kf7 34. Kxf2 Kg6 35. Kf3 h5 36. gxh5+ Kxh5 37. c5 Ra3+ 38. Re3 Ra8 39. Ke4
Rg8 40. g3 Kg4 41. Kd5 Rd8+ 42. Kc6 f5 43. Kc7 Rg8 44. c6 Kh3 45. Kb7 Rxg3 46.
Rxg3+ Kxg3 47. c7 f4 48. c8=Q f3 49. Qc4 Kh2 50. Qf1 1-0

[Event "France 2019 - Accession"]
[Site "Chartres"]
[Date "2019.08.17"]
[Round "1.14"]
[White "Coiffait, Pierre-Basile"]
[Black "Travadon, Loic"]
[Result "0-1"]
[WhiteElo "2231"]
[BlackElo "2399"]
[PlyCount "98"]
[EventDate "2019.08.??"]
[EventType "swiss"]
[EventRounds "9"]
[EventCountry "FRA"]
[WhiteTeam "L'Echiquier du Pays de Bray"]
[BlackTeam "Cergy Pontoise Echecs"]

1. e4 e5 2. Nf3 d6 3. d4 exd4 4. Nxd4 Nf6 5. Nc3 Be7 6. Be2 O-O 7. Be3 Re8 8.
O-O Bf8 9. Bf3 Nbd7 10. Re1 Ne5 11. Be2 Ng6 12. Bb5 c6 13. Nxc6 bxc6 14. Bxc6
Bd7 15. Bxa8 Qxa8 16. f3 Ne5 17. Qd4 a5 18. Bg5 Be7 19. Kh1 Rb8 20. Bxf6 Nc6
21. Qd2 Bxf6 22. Qxd6 Be6 23. Rab1 Rd8 24. Qg3 Bxc3 25. bxc3 Bxa2 26. Rb5 a4
27. Rg5 g6 28. h4 Qb7 29. Qf4 a3 30. c4 Bxc4 31. h5 a2 32. Qf6 Qe7 33. Qxe7
Nxe7 34. Ra5 Rb8 35. h6 f6 36. Kg1 Rb2 37. Kf2 Rxc2+ 38. Kg3 Kf7 39. Rd1 Be6
40. Ra7 g5 41. Rd3 Rc7 42. Ra8 Ng8 43. Kf2 Nxh6 44. g3 f5 45. exf5 Rc2+ 46. Ke1
Nxf5 47. g4 Rc1+ 48. Rd1 Rxd1+ 49. Kxd1 Nd6 0-1

[Event "France 2019 - Accession"]
[Site "Chartres"]
[Date "2019.08.17"]
[Round "1.15"]
[White "Di Nicolantonio, Lucas"]
[Black "Razafindratsima, Timothe"]
[Result "1-0"]
[WhiteElo "2394"]
[BlackElo "2230"]
[PlyCount "82"]
[EventDate "2019.08.??"]
[EventType "swiss"]
[EventRounds "9"]
[EventCountry "FRA"]
[WhiteTeam "Club d'Echecs de l'Agglomeration Chamberienne"]
[BlackTeam "Cannes Echecs"]

1. f4 d5 2. Nf3 Nf6 3. g3 c5 4. Bg2 Nc6 5. O-O g6 6. d3 Bg7 7. c3 O-O 8. Na3
Re8 9. Nh4 e5 10. f5 Ne7 11. e4 dxe4 12. dxe4 Qxd1 13. Rxd1 gxf5 14. Nb5 Rb8
15. Bg5 h6 16. Bxf6 Bxf6 17. Nxf5 Nxf5 18. exf5 Rd8 19. Nxa7 Kg7 20. Rxd8 Bxd8
21. Nxc8 Rxc8 22. Rd1 b6 23. Rd7 Bg5 24. Bd5 Rf8 25. Kf2 b5 26. Kf3 b4 27. cxb4
cxb4 28. Rb7 e4+ 29. Bxe4 Bd2 30. Bd5 Kf6 31. Ke2 Bg5 32. Rxb4 Rd8 33. Rb5 Re8+
34. Kf2 Be3+ 35. Kf3 Bd4 36. Be4 Rc8 37. a4 Rc1 38. a5 Rf1+ 39. Ke2 Ra1 40. b4
Bg1 41. Bd3 Bxh2 1-0

[Event "France 2019 - Accession"]
[Site "Chartres"]
[Date "2019.08.17"]
[Round "1.16"]
[White "Papadiamandis, Elliot"]
[Black "Ollier, Pablo"]
[Result "0-1"]
[WhiteElo "2216"]
[BlackElo "2382"]
[PlyCount "98"]
[EventDate "2019.08.??"]
[EventType "swiss"]
[EventRounds "9"]
[EventCountry "FRA"]
[WhiteTeam "C.E. de  Bois-Colombes"]
[BlackTeam "Echiquier Médocain"]

1. e4 e5 2. Nf3 Nc6 3. Bc4 Nf6 4. d3 Bc5 5. c3 a6 6. Nbd2 Ba7 7. Bb3 O-O 8. O-O
d6 9. h3 Be6 10. Re1 Bxb3 11. Qxb3 Qd7 12. Nc4 h6 13. Be3 b5 14. Ncd2 Rfe8 15.
Bxa7 Rxa7 16. d4 Nh5 17. Nf1 Raa8 18. Rad1 Qd8 19. Ne3 Nf4 20. Kh2 Qf6 21. dxe5
Nxe5 22. Nxe5 Rxe5 23. g3 Rh5 24. h4 Re8 25. Ng2 Nxg2 26. Kxg2 Qg6 27. Kh2 Rxe4
28. Rxe4 Qxe4 29. Rd4 Qe5 30. Rf4 d5 31. Qd1 Rf5 32. Rxf5 Qxf5 33. Qd4 Qf6 34.
Qxd5 Qxf2+ 35. Kh3 Qf1+ 36. Kh2 Qe2+ 37. Kg1 Qxb2 38. Qa8+ Kh7 39. Qd5 Qb1+ 40.
Kg2 Qc2+ 41. Kh3 Qg6 42. Qb7 Qe6+ 43. g4 h5 44. Qxc7 Qxg4+ 45. Kh2 Qxh4+ 46.
Kg2 Qe4+ 47. Kh2 Qe2+ 48. Kg3 h4+ 49. Kxh4 Qc4+ 0-1

[Event "France 2019 - Accession"]
[Site "Chartres"]
[Date "2019.08.17"]
[Round "1.17"]
[White "Pigeat, Alexandre"]
[Black "Kollar, Romain"]
[Result "1/2-1/2"]
[WhiteElo "2377"]
[BlackElo "2214"]
[PlyCount "98"]
[EventDate "2019.08.??"]
[EventType "swiss"]
[EventRounds "9"]
[EventCountry "FRA"]
[WhiteTeam "Esbarres Bonnencontre Echecs"]
[BlackTeam "Club d'Echecs de la Bruffière"]

1. d4 Nf6 2. c4 c5 3. d5 e6 4. Nc3 exd5 5. cxd5 d6 6. e4 g6 7. Nge2 Bg7 8. Ng3
O-O 9. Be2 b6 10. O-O Ba6 11. Bf4 Bxe2 12. Qxe2 Qe7 13. Nb5 Ne8 14. a4 a6 15.
Na3 h5 16. Nc4 h4 17. Nh1 Nd7 18. Rfe1 Rb8 19. Qd2 Ne5 20. Bxe5 Bxe5 21. f4
Bd4+ 22. Nf2 Nf6 23. Qe2 Rfe8 24. e5 Nxd5 25. Nxd6 Qxd6 26. exd6 Rxe2 27. Rxe2
Nxf4 28. Re4 Ne6 29. Kf1 Rd8 30. Rd1 Rxd6 31. Nd3 Ng7 32. b4 Nf5 33. bxc5 bxc5
34. Ke2 Kg7 35. Rc1 Rc6 36. Ne1 Rb6 37. Nd3 Rc6 38. Kf3 a5 39. g4 hxg3 40. hxg3
Rc8 41. g4 Nd6 42. Re7 Kf6 43. Ra7 Re8 44. Nxc5 Re3+ 45. Kg2 Re2+ 46. Kh1 Kg5
47. Rd7 Be3 48. Rc3 Bd4 49. Rc1 Be3 1/2-1/2

[Event "France 2019 - Accession"]
[Site "Chartres"]
[Date "2019.08.17"]
[Round "1.18"]
[White "Fantin, Ludwig"]
[Black "Laurent-Paoli, Pierre"]
[Result "1/2-1/2"]
[WhiteElo "2213"]
[BlackElo "2371"]
[PlyCount "123"]
[EventDate "2019.08.??"]
[EventType "swiss"]
[EventRounds "9"]
[EventCountry "FRA"]
[WhiteTeam "Clermont-Ferrand Echecs"]
[BlackTeam "Echecs Club Montpellier"]

1. d4 Nf6 2. Nf3 g6 3. Nc3 d5 4. Bf4 c6 5. e3 Bg4 6. Be2 Bg7 7. h3 Bxf3 8. Bxf3
Nbd7 9. O-O O-O 10. a4 a5 11. Rb1 Qb6 12. Ne2 Rfe8 13. Nc1 e5 14. Bh2 Ne4 15.
Bxe4 dxe4 16. c3 Rad8 17. Qe2 exd4 18. cxd4 c5 19. Nb3 cxd4 20. Nxd4 Rc8 21.
Qd2 Qb4 22. Qxb4 axb4 23. Nb5 Rc2 24. Nd6 Ra8 25. Nxe4 f5 26. Rfd1 fxe4 27.
Rxd7 Bxb2 28. Rxb7 Rxa4 29. Bd6 Rc1+ 30. Rxc1 Bxc1 31. Rxb4 Rxb4 32. Bxb4 Bb2
33. Kf1 Kf7 34. Ke2 Ke6 35. Kd2 Kd5 36. Bc3 Ba3 37. Bd4 Bb4+ 38. Ke2 Be7 39.
Bc3 Bc5 40. Bg7 Bb6 41. Bh6 Bc5 42. Bf4 Be7 43. Bc7 Bg5 44. g4 Be7 45. Bg3 Bf6
46. Kf1 Be7 47. Kg2 Bc5 48. Bc7 Bb4 49. Kg3 Be1 50. Bd8 Ke5 51. Bg5 Kd5 52. h4
Ke6 53. Bd8 Ke5 54. Bc7+ Ke6 55. Bb6 Ke5 56. Bd4+ Ke6 57. Bb2 h5 58. gxh5 gxh5
59. Ba3 Kf5 60. Be7 Bc3 61. Bg5 Be5+ 62. Kh3 1/2-1/2

[Event "France 2019 - Accession"]
[Site "Chartres"]
[Date "2019.08.17"]
[Round "1.19"]
[White "Gatineau, Yovann"]
[Black "Rabineau, Clement"]
[Result "1-0"]
[WhiteElo "2363"]
[BlackElo "2213"]
[PlyCount "68"]
[EventDate "2019.08.??"]
[EventType "swiss"]
[EventRounds "9"]
[EventCountry "FRA"]
[WhiteTeam "Mulhouse Philidor"]
[BlackTeam "C.E. de Rueil Malmaison"]

1. Nf3 g6 2. c4 Bg7 3. Nc3 e5 4. d4 exd4 5. Nxd4 Ne7 6. g3 O-O 7. Bg2 Nbc6 8.
Nxc6 bxc6 9. O-O d6 10. Qc2 Bf5 11. e4 Be6 12. b3 c5 13. Bb2 Nc6 14. Qd2 Rb8
15. Rab1 a5 16. Nb5 Bxb2 17. Qxb2 a4 18. f4 axb3 19. axb3 Bd7 20. Qd2 f6 21.
Rbd1 Kg7 22. Rfe1 Rf7 23. Re3 Nb4 24. e5 Bxb5 25. cxb5 Rxb5 26. e6 Re7 27. f5
Ra5 28. Qc3 g5 29. g4 h6 30. h4 Ra2 31. hxg5 hxg5 32. Rh3 Rc2 33. Qg3 Re8 34.
Qh2 Rh8 1-0

[Event "France 2019 - Accession"]
[Site "Chartres"]
[Date "2019.08.17"]
[Round "1.20"]
[White "Decuigniere, Tom"]
[Black "Debray, Christopher"]
[Result "0-1"]
[WhiteElo "2211"]
[BlackElo "2352"]
[PlyCount "114"]
[EventDate "2019.08.??"]
[EventType "swiss"]
[EventRounds "9"]
[EventCountry "FRA"]
[WhiteTeam "Ecole Française d'Echecs de Metz"]
[BlackTeam "Grasse Echecs"]

1. c4 g6 2. Nc3 Bg7 3. g3 d6 4. Bg2 e5 5. d3 Nc6 6. Rb1 a5 7. a3 Nf6 8. b4 axb4
9. axb4 O-O 10. Bg5 h6 11. Bxf6 Bxf6 12. Nf3 Bg7 13. O-O Ne7 14. b5 Be6 15. Nd2
c6 16. bxc6 bxc6 17. Rb7 Bc8 18. Rb4 Ra3 19. Rb3 Rxb3 20. Qxb3 Be6 21. Ra1 Qc7
22. Ra6 Rb8 23. Qa3 Bf8 24. Nde4 d5 25. Nc5 Bc8 26. Qa2 d4 27. Ra7 Qb6 28. N3e4
Qb1+ 29. Bf1 Bh3 30. Qxb1 Rxb1 31. Nd2 Rd1 32. Ncb3 Bxf1 33. Nxf1 Re1 34. Ra1
Rxe2 35. Nfd2 e4 36. Nxe4 Nf5 37. g4 Rb2 38. Na5 Ne7 39. Re1 Kg7 40. h4 Ra2 41.
Nb7 f5 42. Nec5 fxg4 43. Ne6+ Kg8 44. Re4 h5 45. Rxd4 Bh6 46. Ng5 Nf5 47. Rd8+
Kg7 48. Rd7+ Kf6 49. Ne4+ Ke5 50. Nbc5 Ra1+ 51. Kh2 Bf4+ 52. Ng3 Bxg3+ 53. fxg3
Ra2+ 54. Kg1 Nxg3 55. d4+ Kf4 56. Nd3+ Ke3 57. Ne5 Ne2+ 0-1

[Event "France 2019 - Accession"]
[Site "Chartres"]
[Date "2019.08.17"]
[Round "1.21"]
[White "Willems, Niels"]
[Black "Pourquet, Matthieu"]
[Result "1-0"]
[WhiteElo "2351"]
[BlackElo "2209"]
[PlyCount "93"]
[EventDate "2019.08.??"]
[EventType "swiss"]
[EventRounds "9"]
[EventCountry "FRA"]
[WhiteTeam "Echecs Club Montpellier"]
[BlackTeam "Vandoeuvre-Echecs"]

1. c4 c5 2. Nc3 e6 3. Nf3 d5 4. cxd5 exd5 5. d4 Nf6 6. Bg5 Be6 7. e3 c4 8. Be2
Bb4 9. O-O O-O 10. Ne5 Nbd7 11. Bf3 Qa5 12. Ne2 Nxe5 13. dxe5 Nd7 14. a3 Bc5
15. Bxd5 Bxd5 16. Qxd5 Nb6 17. Qf3 Rfe8 18. Qg4 Bf8 19. Bf4 Na4 20. Ng3 Re6 21.
Nf5 Qa6 22. Nd4 Rb6 23. Rab1 Rxb2 24. Rxb2 Nxb2 25. e6 Nd3 26. exf7+ Kxf7 27.
Qf5+ Kg8 28. Ne6 Nxf4 29. exf4 g6 30. Qg4 Qxa3 31. f5 Qd3 32. fxg6 hxg6 33. Rd1
Qc2 34. Nd4 Qa4 35. Qxg6+ Bg7 36. Re1 Qa5 37. Kf1 Qc3 38. Nf5 Qf6 39. Qh5 Bf8
40. Qg4+ Kh8 41. Qh5+ Kg8 42. Re4 Qa1+ 43. Ke2 Qb2+ 44. Kf3 Qc3+ 45. Ne3 Bg7
46. Qd5+ Kf8 47. Qd6+ 1-0

[Event "France 2019 - Accession"]
[Site "Chartres"]
[Date "2019.08.17"]
[Round "1.22"]
[White "Favarel, Camille"]
[Black "Boyer, Mahel"]
[Result "0-1"]
[WhiteElo "2207"]
[BlackElo "2341"]
[PlyCount "86"]
[EventDate "2019.08.??"]
[EventType "swiss"]
[EventRounds "9"]
[EventCountry "FRA"]
[WhiteTeam "L'Echiquier du Roy René"]
[BlackTeam "Echiquier Nîmois"]

1. d4 Nf6 2. c4 e6 3. Nc3 c5 4. d5 exd5 5. cxd5 d6 6. Nf3 g6 7. Bf4 a6 8. a4
Bg7 9. e3 O-O 10. h3 Ne8 11. Be2 Nd7 12. O-O Ne5 13. a5 Nxf3+ 14. Bxf3 f5 15.
Bh2 Qe7 16. Na4 Rb8 17. Rb1 Bd7 18. Nb6 Bb5 19. Re1 Nf6 20. Qd2 g5 21. Be2 Nd7
22. Nxd7 Qxd7 23. Bf3 Rbe8 24. g4 Kh8 25. gxf5 Qxf5 26. Bg4 Qg6 27. Rbd1 h5 28.
Be6 Rxe6 29. dxe6 Qxe6 30. e4 Qxh3 31. Re3 Qg4+ 32. Rg3 Qxe4 33. Qxg5 Qe5 34.
Qxg7+ Qxg7 35. Rxg7 Kxg7 36. Rxd6 Rf5 37. Bg3 Bc6 38. Kh2 Kf7 39. Rh6 c4 40.
Kh3 Rxa5 41. Bd6 Kg7 42. Bf4 Rf5 43. Be3 Rf3+ 0-1

[Event "France 2019 - Accession"]
[Site "Chartres"]
[Date "2019.08.17"]
[Round "1.23"]
[White "Sanchez, Louis"]
[Black "Ronce, Nathan"]
[Result "0-1"]
[WhiteElo "2331"]
[BlackElo "2204"]
[PlyCount "162"]
[EventDate "2019.08.??"]
[EventType "swiss"]
[EventRounds "9"]
[EventCountry "FRA"]
[WhiteTeam "Corsica Chess Club"]
[BlackTeam "Echiquier Montelais"]

1. Nf3 g6 2. d4 Nf6 3. g3 c5 4. c3 b6 5. Qb3 Bg7 6. Bg2 O-O 7. O-O Qc7 8. Ne5
Bb7 9. Bxb7 Qxb7 10. dxc5 Qe4 11. cxb6 axb6 12. Nc4 Qxe2 13. Nxb6 Ra5 14. Nc4
Rh5 15. Ne3 d5 16. Qd1 Qa6 17. Nd2 Nc6 18. Nf3 Qc8 19. h4 Rd8 20. Nd4 Nxd4 21.
cxd4 Ne4 22. Ng2 Rf5 23. Bf4 Qb7 24. Ne3 Rxf4 25. gxf4 Qb6 26. Qc2 Bxd4 27.
Nxd5 Qe6 28. Ne3 Bxe3 29. Qe2 Ba7 30. Rae1 f5 31. Rd1 Rxd1 32. Qxd1 Qxa2 33.
Qd8+ Kf7 34. Qh8 Nf6 35. h5 gxh5 36. Qc8 Qxb2 37. Qxf5 Qb3 38. Kg2 Qd5+ 39.
Qxd5+ Nxd5 40. Kf3 Bb8 41. f5 Bd6 42. Ra1 Nf6 43. Rg1 Ne8 44. Rg5 Ng7 45. Rg1
Nxf5 46. Rh1 Ng7 47. Ke4 Kf6 48. Rh3 Kg5 49. Rh1 h6 50. Rg1+ Kf6 51. Rh1 Bb4
52. Rh3 Bd6 53. Rh1 e6 54. Rh3 Kg6 55. Rh1 Nf5 56. Rg1+ Kf6 57. Rh1 h4 58. Kf3
h5 59. Rh3 Be7 60. Rh1 e5 61. Rh3 Ke6 62. Rh1 Nd6 63. Kg2 Kf5 64. Rh3 Bg5 65.
Rd3 Ne4 66. Ra3 Bf4 67. Rb3 Ng5 68. Ra3 h3+ 69. Kh1 Ne4 70. Ra2 Kg4 71. Kg1 Ng5
72. Rb2 h4 73. Ra2 e4 74. Ra3 Nf3+ 75. Kh1 Ne5 76. Ra4 Nd3 77. Ra2 Bg3 78. f3+
Kxf3 79. Ra3 Kf4 80. Kg1 Nf2 81. Kf1 h2 0-1

[Event "France 2019 - Accession"]
[Site "Chartres"]
[Date "2019.08.17"]
[Round "1.24"]
[White "Merenciano, Alexandre"]
[Black "Philippe, Guillaume"]
[Result "0-1"]
[WhiteElo "2196"]
[BlackElo "2321"]
[PlyCount "125"]
[EventDate "2019.08.??"]
[EventType "swiss"]
[EventRounds "9"]
[EventCountry "FRA"]
[WhiteTeam "Echiquier Montelais"]
[BlackTeam "L'Echiquier Châlonnais"]

1. e4 d6 2. d4 Nf6 3. Nc3 g6 4. f3 c6 5. a4 Nbd7 6. Be3 e5 7. Bc4 Qc7 8. Nge2
Bg7 9. O-O O-O 10. Ba2 b6 11. d5 c5 12. Bc4 a6 13. Nc1 Ne8 14. Rb1 f5 15. b4 f4
16. Bf2 Qd8 17. Qd2 g5 18. Be2 Rf6 19. Nd3 Rg6 20. g4 fxg3 21. hxg3 h5 22. Kg2
h4 23. g4 Nef6 24. Be3 Nh7 25. Nf2 Bf6 26. Ncd1 Rg7 27. Nb2 a5 28. bxa5 bxa5
29. Nc4 Ndf8 30. Rb6 Be7 31. Rfb1 Ba6 32. Nxd6 Bxe2 33. Nf5 Ba6 34. d6 Bf6 35.
Qd5+ Kh8 36. Nxg7 Bxg7 37. Nh3 Nd7 38. Rc6 Bf6 39. Ng1 Nhf8 40. Rxc5 Nxc5 41.
Qxa8 Qxd6 42. Qd5 Qxd5 43. exd5 Nxa4 44. Ra1 Nc3 45. Rxa5 Bb7 46. d6 e4 47. Ra7
exf3+ 48. Nxf3 h3+ 49. Kg3 Ne2+ 50. Kf2 Bxf3 51. Kxf3 h2 52. Kg2 Ng3 53. Kxh2
Nf1+ 54. Kh3 Nxe3 55. Rc7 Nd5 56. d7 Nf4+ 57. Kg3 N4e6 58. Kf3 Be5 59. Ra7 Nc5
60. Ra8 Ncxd7 61. Ke4 Kg7 62. Kf5 Kf7 63. Ra7 0-1

[Event "France 2019 - Accession"]
[Site "Chartres"]
[Date "2019.08.17"]
[Round "1.25"]
[White "Bujisho, Benjamin"]
[Black "Hingouet, Matthieu"]
[Result "1/2-1/2"]
[WhiteElo "2317"]
[BlackElo "2195"]
[PlyCount "120"]
[EventDate "2019.08.??"]
[EventType "swiss"]
[EventRounds "9"]
[EventCountry "FRA"]
[WhiteTeam "Chevau-légers de la Choisille"]
[BlackTeam "Cavalier de la Tourelle Saint-Mande"]

1. c4 Nf6 2. Nf3 e6 3. e3 d5 4. b3 Bd6 5. Bb2 O-O 6. Be2 Nbd7 7. Qc2 c6 8. Nc3
a6 9. g4 Nxg4 10. Rg1 f5 11. h3 Nge5 12. Ng5 Nf6 13. f4 Nf7 14. O-O-O b5 15. c5
Be7 16. Kb1 Ra7 17. Bf3 Nxg5 18. Rxg5 Rf7 19. Rg2 Bf8 20. Ne2 Bd7 21. Rdg1 Qe7
22. Be5 Qxc5 23. Qxc5 Bxc5 24. Bxf6 Rxf6 25. Rxg7+ Kf8 26. Bh5 Rg6 27. Bxg6
Kxg7 28. Bxf5+ Kh8 29. Bg4 Ra8 30. Nc1 Bd6 31. d4 c5 32. dxc5 Bxc5 33. Re1 Bb4
34. Re2 Bc3 35. a3 a5 36. Na2 Bg7 37. Rc2 h5 38. Bxh5 e5 39. Bg4 Bxg4 40. hxg4
d4 41. fxe5 dxe3 42. Rh2+ Kg8 43. Re2 Re8 44. Rxe3 Rxe5 45. Rxe5 Bxe5 46. Kc2
Kf7 47. Nc3 b4 48. axb4 axb4 49. Ne4 Kg6 50. Kd3 Bg7 51. Kc4 Bf8 52. Nc5 Bd6
53. Kxb4 Kg5 54. Kb5 Kxg4 55. Kc6 Bh2 56. b4 Kf5 57. b5 Kf6 58. b6 Ke7 59. b7
Bg3 60. Na6 Kd8 1/2-1/2

[Event "France 2019 - Accession"]
[Site "Chartres"]
[Date "2019.08.17"]
[Round "1.26"]
[White "Degardin, Sylvain"]
[Black "Pucher, Sebastien"]
[Result "0-1"]
[WhiteElo "2189"]
[BlackElo "2316"]
[PlyCount "84"]
[EventDate "2019.08.??"]
[EventType "swiss"]
[EventRounds "9"]
[EventCountry "FRA"]
[WhiteTeam "Mulhouse Philidor"]
[BlackTeam "Club d'Echecs Metz Fischer"]

1. e4 g6 2. d4 Bg7 3. Nc3 c6 4. Nf3 d6 5. Be3 Qa5 6. Bd3 Nf6 7. h3 O-O 8. O-O
Nbd7 9. Qd2 Qc7 10. Bh6 e5 11. a4 b6 12. Rfe1 a6 13. Ne2 Re8 14. Bxg7 Kxg7 15.
Ng3 h6 16. c3 Nf8 17. Nh4 Rb8 18. f4 b5 19. Rf1 Ng8 20. f5 Nh7 21. fxg6 fxg6
22. axb5 axb5 23. b4 Nhf6 24. Bc2 Qb6 25. Kh2 Rb7 26. Bb3 exd4 27. cxd4 Be6 28.
e5 dxe5 29. dxe5 Nd5 30. Rae1 Qd8 31. Nxg6 Kxg6 32. Nh5 Kh7 33. Bc2+ Kh8 34.
Rf3 Qg5 35. Nf4 Nxf4 36. Rxf4 Rg7 37. Qf2 Rd8 38. h4 Qe7 39. Rf6 Re8 40. Qf4
Bd5 41. Rxh6+ Nxh6 42. Qxh6+ Kg8 0-1

[Event "France 2019 - Accession"]
[Site "Chartres"]
[Date "2019.08.17"]
[Round "1.27"]
[White "Dutreuil, Raphael"]
[Black "Ek, Alexandre"]
[Result "1-0"]
[WhiteElo "2313"]
[BlackElo "2188"]
[PlyCount "61"]
[EventDate "2019.08.??"]
[EventType "swiss"]
[EventRounds "9"]
[EventCountry "FRA"]
[WhiteTeam "U.S.Villejuif Echecs"]
[BlackTeam "Cercle d'Echecs de Villepinte"]

1. g3 Nf6 2. Bg2 e5 3. c4 Nc6 4. Nc3 Bb4 5. Nf3 Bxc3 6. dxc3 d6 7. Nd2 Be6 8.
e4 Qd7 9. h3 O-O 10. Qe2 Ne7 11. Nf1 h6 12. f4 exf4 13. gxf4 Qc8 14. Be3 Bd7
15. Rg1 Kh7 16. Ng3 Ng6 17. O-O-O Re8 18. Qc2 Bc6 19. Bd4 Qd8 20. Nf5 Bxe4 21.
Bxe4 Nxe4 22. Nxg7 c5 23. Nxe8 Qxe8 24. f5 cxd4 25. fxg6+ fxg6 26. Rde1 d3 27.
Qxd3 Nf2 28. Re7+ Qxe7 29. Qxg6+ Kh8 30. Qxh6+ Qh7 31. Qf6+ 1-0